Where Is AIDS growing fastest (and shrinking fastest)? - Statistics

General Stats
  • This quiz has been taken 480 times
  • The average score is 10 of 30
Answer Stats
% Change Country % Correct
-4% India and Myanmar (tie)
79%
+2718% Indonesia
61%
+233% Egypt
57%
+261% Sudan (and South Sudan)
57%
+209% Somalia
55%
-17% Thailand
55%
+473% Bangladesh
44%
-29% Zimbabwe
44%
-32% Cambodia
43%
-15% Mali
43%
+750% Laos
42%
-28% Central African Republic
37%
+412% Philippines
36%
-23.8% Colombia
34%
-8% Haiti
34%
+171% Turkey
33%
-9% Peru
32%
-27% Liberia
29%
+400% Mongolia and Fiji (tie)
28%
+2700% Uzbekistan
25%
-21% Burkina Faso
24%
+622% Kazakhstan
24%
-23% Panama
24%
+880% Kyrgyzstan
21%
-11% Honduras
20%
-28.6% Ivory Coast
19%
-24.4% Guyana
18%
+251% Equatorial Guinea
14%
+170% Belarus
10%
+183% Austria
8%
No matching quizzes found
Score Distribution
Percent of People with Each Score
Percentile by Number Answered
Your Score History
You have not taken this quiz